000 01320 a2200373 4500
650 0 0 _aCriminal law
_zTurkey
_xTurkey
_939535
999 _c200001217
_d18458
001 200001217
003 TR-AnTOB
005 20230809001253.0
008 120117e2009 tu 000 0
020 _a9789944265898 (v.5)
020 _a9789944265881 (v.4)
020 _a9789944265874 (v.3)
020 _a9789944265867 (v.2)
020 _a9789944265850 (v.1)
040 _aTR-AnTOB
_cTR-AnTOB
041 _atur
050 _aKKX3794.32005
_b.A6 A788 2009
090 _aKKX3794.32005.A6 A788 2009
100 _aArtuk, Mehmet Emin
_969441
245 1 0 _aTürk ceza kanunu şerhi /
_cMehmet Emin Artuk, Ahmet Gökcen, Ahmet Caner Yenidünya.
264 1 _aAnkara :
_bTurhan Kitabevi,
_c2009.
300 _a5 v. ;
_c28 cm.
336 _2rdacontent
_atext
_btxt
337 _2rdamedia
_aunmediated
_bn
338 _2rdacarrier
_avolume
_bnc
500 _aDipnot var.
520 _av.1 Genel hükümler Madde 1-36 --v.2 Genel hükümler Madde 37-75 -- v.3 Özel hükümler Madde 76-131 -- v.4 Özel hükümler Madde 132-234 --v.5 Özel hükümler Madde 235-345.
650 7 _aCeza hukuku
_zTürkiye
_xTürkiye
_2etuturkob
_948989
700 1 _aYenidünya, Ahmet Caner,
_d1973-
_969464
700 1 _aGökçen, Ahmet,
_d1960-
_969442
942 _cBK
_2lcc